[Event "Wuerttemberg-ch U16/18 Girls"]
[Site "Friedrichshafen"]
[Date "2005.04.01"]
[Round "6"]
[White "Beck, Anna"]
[Black "Holschke, Melanie"]
[Result "1/2-1/2"]
[WhiteElo "1245"]
[BlackElo "1341"]
[PlyCount "84"]
[EventDate "2005.03.29"]
[EventType "swiss"]
[EventRounds "7"]
[EventCountry "GER"]
[SourceTitle "EXT 2007"]
[Source "ChessBase"]
[SourceDate "2006.11.23"]
[SourceVersion "1"]
[SourceVersionDate "2006.11.23"]
[SourceQuality "1"]

1. e4 e5 2. Nf3 Nc6 3. d4 d6 4. dxe5 dxe5 5. Qxd8+ Nxd8 6. Nxe5 Bc5 7. f3 Ne6 8. c3 Nf6 9. Bc4 0-0 10. Nd2 Nd7 11. Nxd7 Bxd7 12. Nb3 Bb6 13. Bd2 Rad8 14. 0-0-0 Ba4 15. Rhe1 c6 16. Be3 Bxe3+ 17. Rxe3 Rxd1+ 18. Kxd1 Nc5 19. Kc1 Bxb3 20. Bxb3 Rd8 21. Kc2 b5 22. Re2 g5 23. h3 Kg7 24. a3 Kf6 25. Ba2 h5 26. g4 h4 27. b4 Ne6 28. Bxe6 fxe6 29. Re1 Ke5 30. Rf1 Kf4 31. Rf2 Kg3 32. Rf1 Kxh3 33. f4 Kxg4 34. fxg5 Kxg5 35. Rg1+ Kf4 36. Rg6 Re8 37. Kd3 h3 38. Rf6+ Kg3 39. Rg6+ Kf4 40. Rh6 Kg3 41. Rg6+ Kf2 42. Rf6+ Kg3 1/2-1/2

[Event "Wuertemberg-ch U14 Girls"]
[Site "Germany"]
[Date "2004.04.14"]
[Round "3"]
[White "Gruhler, Irina"]
[Black "Holschke, Melanie"]
[Result "0-1"]
[WhiteElo "1164"]
[BlackElo "1181"]
[PlyCount "96"]
[EventDate "2004.04.??"]
[EventType "swiss"]
[EventRounds "7"]
[EventCountry "GER"]
[SourceTitle "EXT 2005"]
[Source "ChessBase"]
[SourceDate "2004.11.15"]
[SourceVersion "1"]
[SourceVersionDate "2004.11.15"]
[SourceQuality "1"]

1. e4 e5 2. Nf3 Nc6 3. Nc3 Nf6 4. Bc4 h6 5. d3 Bc5 6. h3 0-0 7. 0-0 d6 8. Be3 Bb6 9. Nd5 Nxd5 10. Bxd5 Ne7 11. Bc4 Ng6 12. c3 Ba5 13. b4 Bb6 14. a4 c6 15. a5 Bc7 16. Rc1 d5 17. exd5 cxd5 18. Bb3 Qd6 19. Bc5 Qf6 20. Bxf8 Kxf8 21. Bxd5 Nf4 22. Nh2 Nxd5 23. Qf3 Qd6 24. Rfe1 e4 25. Qg3 Qf6 26. Ng4 Qd8 27. f4 Bxf4 28. Qf2 Bxc1 29. Rxc1 Bxg4 30. hxg4 exd3 31. Rf1 f6 32. Qc5+ Ne7 33. Re1 b6 34. axb6 axb6 35. Qd4 Qxd4+ 36. cxd4 Ra4 37. Rd1 Rxb4 38. Rxd3 b5 39. d5 Ra4 40. d6 Nc6 41. d7 Ke7 42. Kf2 Ra7 43. Rb3 Rb7 44. Kf3 Kxd7 45. Ke4 Ke6 46. g3 Ne5 47. Kf4 Kd5 48. Rb2 Nd3+ 0-1

[Event "Wuerttemberg-ch U14 Girls"]
[Site "Stuttgart"]
[Date "2003.04.22"]
[Round "1"]
[White "Holschke, Melanie"]
[Black "Erben, Larissa"]
[Result "0-1"]
[WhiteElo "1008"]
[BlackElo "1425"]
[PlyCount "24"]
[EventDate "2003.04.??"]
[EventType "swiss"]
[EventRounds "7"]
[EventCountry "GER"]
[SourceTitle "EXT 2005"]
[Source "ChessBase"]
[SourceDate "2004.11.15"]
[SourceVersion "1"]
[SourceVersionDate "2004.11.15"]
[SourceQuality "1"]

1. e4 e5 2. Nf3 Nc6 3. Bb5 Bc5 4. Bxc6 dxc6 5. Nxe5 Qd4 6. Ng4 Bxg4 7. Qxg4 Qxf2+ 8. Kd1 Nf6 9. Qxg7 Rg8 10. Qh6 Qxg2 11. Re1 Qf3+ 12. Re2 Rg1# 0-1

[Event "BEM-ch U14"]
[Site "Vaihingen/Enz"]
[Date "2003.02.01"]
[Round "5"]
[White "Holschke, Melanie"]
[Black "Schwarz, Felix"]
[Result "0-1"]
[WhiteElo "1008"]
[BlackElo "1162"]
[PlyCount "42"]
[EventDate "2003.01.??"]
[EventType "swiss"]
[EventRounds "7"]
[EventCountry "GER"]
[SourceTitle "EXT 2005"]
[Source "ChessBase"]
[SourceDate "2004.11.15"]
[SourceVersion "1"]
[SourceVersionDate "2004.11.15"]
[SourceQuality "1"]

1. e4 e5 2. Nf3 Nc6 3. Bb5 d6 4. d4 Bd7 5. Bxc6 Bxc6 6. Nc3 Nf6 7. dxe5 dxe5 8. Nxe5 Qxd1+ 9. Nxd1 Bxe4 10. Ne3 Bc5 11. 0-0 Bxe3 12. Bxe3 Bxc2 13. Rac1 Be4 14. Rxc7 0-0 15. Bc5 Rfe8 16. Nxf7 Rac8 17. Rxc8 Rxc8 18. Nd6 Rxc5 19. Re1 h6 20. Nxe4 Nxe4 21. Rxe4 Rc1+ 0-1

[Event "BEM-ch U14 Girls"]
[Site "Tamm"]
[Date "2001.02.10"]
[Round "4"]
[White "Holschke, Melanie"]
[Black "Karlowitz, Sandra"]
[Result "0-1"]
[WhiteElo "590"]
[BlackElo "657"]
[PlyCount "76"]
[EventDate "2001.??.??"]
[EventType "swiss"]
[EventRounds "5"]
[EventCountry "GER"]
[SourceTitle "EXT 2003"]
[Source "ChessBase"]
[SourceDate "2002.11.25"]
[SourceVersion "1"]
[SourceVersionDate "2002.11.25"]
[SourceQuality "1"]

1. e4 e5 2. Bc4 Nf6 3. g4 Bb4 4. g5 Nxe4 5. Qf3 Rf8 6. Nh3 d6 7. g6 fxg6 8. Qxe4 Bf5 9. Qd5 Qc8 10. Ng5 h6 11. Nf7 Qd7 12. c3 Bc5 13. Na3 Nc6 14. Nb5 a6 15. Nbxd6+ cxd6 16. Nxe5 dxe5 17. Qxc5 Rb8 18. d4 b6 19. Qa3 a5 20. d5 Ne7 21. Bb3 Nxd5 22. Ba4 b5 23. Qc5 bxa4 24. Qe3 Nxe3 25. Bxe3 Rxb2 26. Rd1 Qb5 27. Rc1 Qb7 28. 0-0 Qb5 29. Rcd1 Bh3 30. Bc1 Rxa2 31. Rfe1 Rf5 32. Be3 Rc2 33. Bd4 Rg5+ 34. Kh1 Qd5+ 35. f3 Bg2+ 36. Kg1 Bf1+ 37. Kxf1 Qxf3+ 38. Bf2 Qxf2# 0-1

[Event "BEM-ch U10"]
[Site "Tamm"]
[Date "2000.02.05"]
[Round "4"]
[White "Mueller, Sebastian"]
[Black "Holschke, Melanie"]
[Result "1-0"]
[WhiteElo "2305"]
[BlackElo "649"]
[PlyCount "23"]
[EventDate "2000.01.29"]
[EventType "swiss"]
[EventRounds "5"]
[EventCountry "GER"]
[SourceTitle "EXT 2003"]
[Source "ChessBase"]
[SourceDate "2002.11.25"]
[SourceVersion "1"]
[SourceVersionDate "2002.11.25"]
[SourceQuality "1"]

1. e4 e6 2. Bb5 Bc5 3. Nf3 Nf6 4. Ng5 Nh5 5. d3 Qf6 6. 0-0 Bxf2+ 7. Rxf2 Qxg5 8. Bxg5 0-0 9. Qxh5 g6 10. Qh6 Re8 11. Bf6 c6 12. Qg7# 1-0